zpět

Detail výsledku týmu

Bar Slovan, Kladno

Datum a čas kvízu

30 Celkem bodů Celkový počet nahraných bodů na tomto kvízu bez doplňovacích otázek.
9. Pořadí na kvízu Konečné umístění týmu na tomto kvízu.

Zaznamenané odpovědi

# Otázka Odpověď Body Výsledky
1. Nejsledovanějším, nejprestižně... Jedlovou 1
2. K oslavám Díkůvzdání, které pr... milost (život) 1
3. Minulý týden proběhlo vyhlášen... Jan Špaček 1
4. Minulý týden jsme se dozvěděli... Five Guys 1
5. V sobotu začala nová biatlonov... v Östersundu 1
6. Seřaďte tyto ostrovy dle rozlo... 1C 2A 3D 4B 0
7. Nyní přiřaďte ostrovy ke států... 1A 2B 3D 4C 1
8. Kterému ostrovnímu středomořsk... Malta 1
9. Nyní si odskočíme ke kinematog... Řek Zorba, Anthony Quinn 0
10. Ke kterému středomořskému ostr... Elba 0